000 00693nam a2200289Ia 4500
005 20260324141536.0
008 008 260324s9999 xx 000 0 eng d
020 _a9780429457852
037 _aEBOOK
040 _aCRL
040 _beng
040 _cCRL
041 _2eng
041 _aeng
084 _qCRL
100 _aMargaretta Frederick Watson
_91208580
245 0 _aCollecting the Pre-Raphaelites
245 4 _bThe Anglo-American Enchantment
260 _bTaylor and Francis
260 _c1997
365 _a
365 _b180
856 _uhttp://www.taylorfrancis.com/books/9780429457852
942 _cEBOOK
999 _c1811787
_d1811787